[Event "Udaipur Holi Cup 6th"]
[Site "Udaipur"]
[Date "2024.03.31"]
[Round "2"]
[White "Prakash, Ram"]
[Black "Pawan, Sain"]
[Result "1-0"]
[WhiteElo "1983"]
[BlackElo "1681"]
[PlyCount "107"]
[EventDate "2024.03.31"]
[EventType "swiss"]
[EventRounds "9"]
[EventCountry "IND"]
[SourceTitle "CB16_2024"]
[SourceDate "2024.04.17"]
[SourceVersion "1"]
[SourceVersionDate "2024.04.17"]
[SourceQuality "1"]

1. e4 e6 2. d4 d5 3. Nd2 Nc6 4. Ngf3 Nf6 5. e5 Nd7 6. Nb3 f6 7. Bb5 Be7 8. 0-0 0-0 9. Re1 fxe5 10. dxe5 Nc5 11. Nxc5 Bxc5 12. c3 Ne7 13. b4 Bb6 14. Bg5 Bd7 15. Bd3 Qe8 16. Nd4 h6 17. Bh4 Ng6 18. Bg3 Nf4 19. Bc2 g5 20. Re3 Bxd4 21. cxd4 Bb5 22. a4 Bc4 23. Qd2 Qe7 24. Rae1 Qg7 25. Bd1 c6 26. Bxf4 Rxf4 27. g3 Kh8 28. Kg2 Rf7 29. Bh5 Rff8 30. Rh1 b5 31. a5 a6 32. Ree1 Qh7 33. h4 Rg8 34. hxg5 Rxg5 35. Qxg5 hxg5 36. Bf7 Bd3 37. Bxe6 Rf8 38. f3 Qxh1+ 39. Rxh1+ Kg7 40. Rc1 Be2 41. Bg4 Bc4 42. Re1 Kf7 43. Rh1 Bd3 44. Rh6 Bg6 45. Kf2 Kg7 46. Rh1 Be4 47. Ke3 Bf5 48. Bxf5 Rxf5 49. Rc1 g4 50. fxg4 Rg5 51. Kf4 Rg6 52. Kf5 Kf7 53. g5 Re6 54. Rh1 1-0